Sociálno-ekonomické postavenie rodiny. 1
Vplyv spoločensko-politických zmien začiatkom 90. rokov na demografickú situáciu na Slovensku. Orientácia populačného správania obyvateľstva. Sociálna situácia rodín. Sociálna politika štátu.
Guardado en:
| Formato: | Capítulo de libro |
|---|---|
| Lenguaje: | eslovaco |
| Materias: | |
| Etiquetas: |
Sin Etiquetas, Sea el primero en etiquetar este registro!
|
MARC
| LEADER | 00000naa a2200000 4500 | ||
|---|---|---|---|
| 001 | r025907 | ||
| 005 | 20230825080157.3 | ||
| 041 | 0 | |a slo | |
| 044 | |a SK | ||
| 245 | 1 | 0 | |a Sociálno-ekonomické postavenie rodiny. 1 |
| 520 | |a Vplyv spoločensko-politických zmien začiatkom 90. rokov na demografickú situáciu na Slovensku. Orientácia populačného správania obyvateľstva. Sociálna situácia rodín. Sociálna politika štátu. | ||
| 610 | 2 | 0 | |a demografia |
| 610 | 2 | 0 | |a obyvateľstvo |
| 610 | 2 | 0 | |a rodina |
| 610 | 2 | 0 | |a vývoj populačný |
| 610 | 2 | 0 | |a údaje štatistické |
| 610 | 2 | 0 | |a Slovensko |
| 610 | 2 | 0 | |a politika sociálna |
| 610 | 2 | 0 | |a opatrenia |
| 610 | 2 | 0 | |a dávky sociálne |